00473nam a2200181Ia 450000500170000000800410001702000150005804000190007304100120009208200130010410000250011724500500014226000340019230000150022665000210024165100190026285000100028120240423095327.0131103s9999 xx 000 0 und d a9810120230 aLoreto College aEnglish a425bSMI aSmithback, Ching Yee aFun with idiomscChing Yee Smithback and John aSingaporebFederal pub.c1990 aV.3b ill. aEnglish language aEnglis grammer aLCBED